[Event "2. Bundesliga West 2011/12"]
[Site "Hohenems"]
[Date "2011.11.06"]
[Round "6"]
[Board "6"]
[White "Fruehauf, Norbert"]
[Black "Jedinger, Andreas"]
[Result "1/2-1/2"]
[WhiteElo "2049"]
[BlackElo "2191"]
[PlyCount "94"]
[EventDate "2011.10.07"]
[EventType "team"]
[EventRounds "11"]
[EventCountry "AUT"]
[WhiteTeam "ATSV Ranshofen"]
[BlackTeam "Rochade Rum"]

1. e4 e5 2. Bc4 Nf6 3. d3 Nc6 4. Nf3 Bc5 5. O-O d6 6. c3 a6 7. b4 Ba7 8. a3 h6
9. Nbd2 Bg4 10. Bb2 Qd7 11. Qc2 O-O 12. Bb3 Ne7 13. d4 Ng6 14. dxe5 dxe5 15. c4
Rad8 16. c5 Rfe8 17. Rfe1 Nh5 18. Rad1 Qe7 19. Qc3 Nhf4 20. Nf1 Rxd1 21. Bxd1
f6 22. Bb3+ Kh7 23. Ne3 Bxf3 24. Nf5 Qd7 25. gxf3 Rd8 26. Bc1 Qe8 27. Bc4 Nh3+
28. Kf1 Ngf4 29. Bxf4 Nxf4 30. Ng3 b5 31. Be2 h5 32. Rd1 Rxd1+ 33. Bxd1 Qd7 34.
Ke1 c6 35. Bb3 a5 36. Qd2 Nd3+ 37. Ke2 Nf4+ 38. Ke1 Qxd2+ 39. Kxd2 axb4 40.
axb4 g6 41. Bf7 Kg7 42. Be8 Ne6 43. Bxc6 Nd4 44. Bd7 Kf7 45. Ne2 Nxf3+ 46. Ke3
Ne1 47. Kd2 Nf3+ 1/2-1/2

[Event "2. Bundesliga West 2011/12"]
[Site "Hohenems"]
[Date "2011.11.06"]
[Round "6"]
[Board "1"]
[White "Luther, Thomas"]
[Black "Froewis, Georg"]
[Result "1-0"]
[WhiteElo "2524"]
[BlackElo "2424"]
[PlyCount "117"]
[EventDate "2011.10.07"]
[EventType "team"]
[EventRounds "11"]
[EventCountry "AUT"]
[WhiteTeam "SC Absam"]
[BlackTeam "Hohenems 2"]

1. e4 e6 2. d4 d5 3. Nd2 c5 4. exd5 Qxd5 5. Ngf3 cxd4 6. Bc4 Qd6 7. O-O Nf6 8.
Nb3 Nc6 9. Nbxd4 Nxd4 10. Qxd4 Qxd4 11. Nxd4 Bd7 12. Be2 Bc5 13. Nb3 Bb6 14. a4
a6 15. a5 Ba7 16. Bf3 O-O-O 17. Bf4 Bb5 18. Rfd1 Bc6 19. Bxc6 bxc6 20. Kf1 Rd7
21. Rxd7 Nxd7 22. Re1 Rd8 23. Be3 Bxe3 24. Rxe3 Kc7 25. Nd2 Nf6 26. Nc4 Rd4 27.
Ne5 Nd5 28. Re1 f6 29. Nf3 Rb4 30. b3 e5 31. g3 Ne7 32. Nd2 Rd4 33. Ne4 Rd5 34.
b4 Kb7 35. c3 Nc8 36. Nc5+ Ka7 37. f4 Nd6 38. fxe5 fxe5 39. Kg2 Nb7 40. Nxb7
Kxb7 41. Rf1 Rd7 42. Rf8 c5 43. Re8 cxb4 44. cxb4 Rd4 45. Re7+ Kc6 46. Rxg7
Rxb4 47. Rxh7 Kd5 48. Rh6 Kd4 49. Rxa6 Rb2+ 50. Kf1 Rxh2 51. Ra8 Ke4 52. a6 Rh7
53. Kg2 Rf7 54. Rb8 Ra7 55. Rb4+ Kd3 56. Ra4 e4 57. Kf2 Rf7+ 58. Ke1 Ra7 59.
Ra3+ 1-0

[Event "2. Bundesliga West 2011/12"]
[Site "Hohenems"]
[Date "2011.11.06"]
[Round "6"]
[Board "2"]
[White "Novkovic, Milan"]
[Black "Rotstein, Arkadij"]
[Result "0-1"]
[WhiteElo "2381"]
[BlackElo "2502"]
[PlyCount "104"]
[EventDate "2011.10.07"]
[EventType "team"]
[EventRounds "11"]
[EventCountry "AUT"]
[WhiteTeam "Hohenems 2"]
[BlackTeam "SC Absam"]

1. d4 Nf6 2. c4 e6 3. Nc3 d5 4. cxd5 exd5 5. Bg5 Be7 6. e3 c6 7. Bd3 Bg4 8. Qc2
Bh5 9. Nf3 Nbd7 10. Rb1 a5 11. a3 Bg6 12. Bxg6 hxg6 13. O-O O-O 14. b4 Nb6 15.
Ne5 a4 16. Ra1 Qc8 17. Rfc1 Qe6 18. Bxf6 Qxf6 19. b5 c5 20. Nxd5 Nxd5 21. Nd7
Qg5 22. Nxf8 Rxf8 23. dxc5 Bf6 24. Qxa4 Bxa1 25. Rxa1 Rd8 26. Qc2 Qe5 27. Rd1
Rc8 28. Rc1 Nf6 29. a4 Ng4 30. g3 Qh5 31. h4 Qd5 32. Qc4 Qd2 33. Qc2 Qd5 34.
Qc4 Qf5 35. Qf4 Qe6 36. Qc4 Qf5 37. Qf4 Qe6 38. c6 Ne5 39. Rc5 Nd3 40. cxb7
Nxc5 41. bxc8=Q+ Qxc8 42. Qc4 Qf5 43. g4 Qb1+ 44. Kg2 Nd3 45. a5 Qd1 46. Qe4
Kh7 47. a6 Qc2 48. Qb7 Qxf2+ 49. Kh3 Qxe3+ 50. Kh2 Qf4+ 51. Kh3 Qf2 52. g5 Qg1
0-1

[Event "2. Bundesliga West 2011/12"]
[Site "Hohenems"]
[Date "2011.11.06"]
[Round "6"]
[Board "3"]
[White "Dizdar, Goran"]
[Black "Atlas, Dmitry"]
[Result "1-0"]
[WhiteElo "2495"]
[BlackElo "2291"]
[PlyCount "95"]
[EventDate "2011.10.07"]
[EventType "team"]
[EventRounds "11"]
[EventCountry "AUT"]
[WhiteTeam "SC Absam"]
[BlackTeam "Hohenems 2"]

1. c4 e6 2. Nf3 d5 3. g3 Nf6 4. Bg2 c6 5. Qc2 Nbd7 6. d4 Bb4+ 7. Nbd2 Be7 8.
O-O O-O 9. e4 Nxe4 10. Nxe4 dxe4 11. Qxe4 c5 12. Rd1 Qb6 13. Bg5 Nf6 14. Qe2 h6
15. Be3 a5 16. Ne5 cxd4 17. Bxd4 Bc5 18. Qe3 Bxd4 19. Qxd4 Ra6 20. c5 Qc7 21.
Rac1 Nd5 22. a3 Rd8 23. Nc4 Bd7 24. Nb6 Bc6 25. b3 Kf8 26. Bxd5 Bxd5 27. Rc3
Qe7 28. Re3 Rxb6 29. cxb6 Qxa3 30. Rc3 Qa2 31. Rd2 Qb1+ 32. Rd1 Qa2 33. Qd2
Qxd2 34. Rxd2 Rd6 35. Rc8+ Ke7 36. Rc7+ Kf6 37. Rxb7 Rc6 38. Rd1 Rc3 39. Rxd5
exd5 40. b4 axb4 41. Rxf7+ Kxf7 42. b7 b3 43. b8=Q Ke6 44. Qb4 Rc1+ 45. Kg2 Rb1
46. Qg4+ Kf6 47. Qd4+ Ke6 48. Qxg7 1-0

[Event "2. Bundesliga West 2011/12"]
[Site "Hohenems"]
[Date "2011.11.06"]
[Round "6"]
[Board "4"]
[White "Feistenauer, Fred"]
[Black "De Francesco, Klaus"]
[Result "1-0"]
[WhiteElo "2254"]
[BlackElo "2307"]
[PlyCount "59"]
[EventDate "2011.10.07"]
[EventType "team"]
[EventRounds "11"]
[EventCountry "AUT"]
[WhiteTeam "Hohenems 2"]
[BlackTeam "SC Absam"]

1. e4 e6 2. d4 d5 3. Nc3 Bb4 4. Nge2 dxe4 5. a3 Bxc3+ 6. Nxc3 Nc6 7. Bb5 Nge7
8. Bg5 f6 9. Be3 O-O 10. Qd2 f5 11. O-O-O Nd5 12. Nxd5 exd5 13. Bxc6 bxc6 14.
Bf4 Be6 15. h4 Rb8 16. Be5 Rf7 17. Qf4 Rb5 18. Rh3 c5 19. dxc5 Rxc5 20. Rg3 d4
21. Rxd4 Rd5 22. Rxd5 Qxd5 23. b3 c6 24. Bc3 Rb7 25. Qh6 g6 26. h5 Qb5 27. hxg6
Qf1+ 28. Kb2 Rxb3+ 29. cxb3 Qxf2+ 30. Kb1 1-0

[Event "2. Bundesliga West 2011/12"]
[Site "Hohenems"]
[Date "2011.11.06"]
[Round "6"]
[Board "5"]
[White "Gerhold, Michael"]
[Black "Medwed, Kai"]
[Result "1-0"]
[WhiteElo "2251"]
[BlackElo "1950"]
[PlyCount "86"]
[EventDate "2011.10.07"]
[EventType "team"]
[EventRounds "11"]
[EventCountry "AUT"]
[WhiteTeam "SC Absam"]
[BlackTeam "Hohenems 2"]

1. Nf3 Nf6 2. c4 c6 3. d4 d5 4. Nc3 e6 5. e3 a6 6. Bd3 dxc4 7. Bxc4 b5 8. Bd3
c5 9. e4 cxd4 10. Nxd4 Nbd7 11. Bg5 Bb7 12. O-O Bc5 13. Nb3 Be7 14. Qe2 b4 15.
Nb1 e5 16. N1d2 Nc5 17. Nxc5 Bxc5 18. Bb5+ Kf8 19. Ba4 h6 20. Be3 Bd4 21. Nb3
Bxe4 22. Rad1 Kg8 23. Nxd4 exd4 24. Bxd4 Bg6 25. Qf3 Rc8 26. Rfe1 Qa5 27. Bb3
Bh5 28. Qb7 Rc7 29. Bb6 Rxb7 30. Rd8+ Kh7 31. Rxh8+ Kxh8 32. Bxa5 Rb5 33. Bd8
Kh7 34. f3 Bg6 35. Re7 Rb8 36. Bc7 Rb7 37. Bd6 Rb6 38. Bc5 Rb5 39. Bd4 Kg8 40.
Ra7 a5 41. g4 Rb8 42. Rxa5 Rd8 43. Be3 Nd5 1-0

[Event "2. Bundesliga West 2011/12"]
[Site "Hohenems"]
[Date "2011.11.06"]
[Round "6"]
[Board "6"]
[White "Nussbaumer, Leon"]
[Black "Meudt, Markus"]
[Result "1-0"]
[WhiteElo "1862"]
[BlackElo "2132"]
[PlyCount "140"]
[EventDate "2011.10.07"]
[EventType "team"]
[EventRounds "11"]
[EventCountry "AUT"]
[WhiteTeam "Hohenems 2"]
[BlackTeam "SC Absam"]

1. e4 c5 2. Nf3 Nf6 3. Nc3 Nc6 4. d4 d5 5. exd5 Nxd5 6. Ne4 cxd4 7. Nxd4 Ndb4
8. c3 Nxd4 9. cxb4 e5 10. a3 Be7 11. Be3 O-O 12. Bxd4 exd4 13. Bd3 f5 14. Nd2
Bg5 15. O-O Bxd2 16. Qxd2 Qd6 17. Bc4+ Kh8 18. Rad1 Rd8 19. Rfe1 h6 20. Re3 f4
21. Re4 g5 22. Rxd4 Qxd4 23. Qxd4+ Rxd4 24. Rxd4 Bf5 25. Bd3 Rc8 26. Kf1 Bxd3+
27. Rxd3 Rc7 28. Ke2 Kg7 29. Rc3 Rd7 30. Rd3 Rc7 31. Kd2 Kg6 32. Rd6+ Kh5 33.
b5 b6 34. a4 g4 35. Kd3 Rc1 36. Rd5+ Kg6 37. Ke4 Rc2 38. Rd7 Rxf2 39. Rxa7 Rxb2
40. Kxf4 Rb4+ 41. Kg3 h5 42. h3 Kg5 43. Rg7+ Kf5 44. hxg4+ hxg4 45. Rb7 Rxa4
46. Rxb6 Ra3+ 47. Kh4 Ra1 48. Rb8 Ra2 49. Rf8+ Ke6 50. g3 Rb2 51. Kxg4 Rxb5 52.
Kh4 Ke7 53. Rf1 Ra5 54. g4 Ra8 55. Rf5 Rh8+ 56. Kg5 Rg8+ 57. Kf4 Ra8 58. Kg3
Ra1 59. Kh4 Ra8 60. Rf4 Rh8+ 61. Kg5 Ra8 62. Kg6 Ke8 63. g5 Ra1 64. Kg7 Ra7+
65. Kh6 Ra1 66. g6 Rh1+ 67. Kg7 Rh2 68. Kg8 Ke7 69. g7 Rh1 70. Re4+ Kf6 1-0

[Event "2. Bundesliga West 2011/12"]
[Site "Hohenems"]
[Date "2011.11.06"]
[Round "6"]
[Board "1"]
[White "Bayer, Bernhard"]
[Black "Deglmann, Ludwig"]
[Result "1/2-1/2"]
[WhiteElo "2434"]
[BlackElo "2324"]
[PlyCount "81"]
[EventDate "2011.10.07"]
[EventType "team"]
[EventRounds "11"]
[EventCountry "AUT"]
[WhiteTeam "Schwaz"]
[BlackTeam "Sparkasse Jenbach 2"]

1. d4 f5 2. c4 Nf6 3. Nc3 d6 4. Nf3 g6 5. g3 Bg7 6. Bg2 O-O 7. O-O Qe8 8. d5
Bd7 9. e4 fxe4 10. Ng5 Na6 11. Ngxe4 Nxe4 12. Nxe4 c6 13. Re1 Qf7 14. Be3 Nc7
15. Qb3 Rfb8 16. c5 Nxd5 17. Ng5 Qf6 18. Bxd5+ cxd5 19. Qxd5+ e6 20. Qxd6 Bc6
21. Qxe6+ Qxe6 22. Nxe6 Bxb2 23. Rab1 Bc3 24. Nc7 Bxe1 25. Rxe1 Rc8 26. Nxa8
Rxa8 27. Rd1 Re8 28. h3 h5 29. Rd6 Kf7 30. Kf1 Re6 31. Ke2 Ke7 32. f3 Rxd6 33.
cxd6+ Kxd6 34. Bxa7 Ke6 35. Ke3 Kf7 36. Bb6 Bd7 37. g4 hxg4 38. fxg4 g5 39. Kf3
Kg6 40. Bd8 Bb5 41. Kg3 1/2-1/2

[Event "2. Bundesliga West 2011/12"]
[Site "Hohenems"]
[Date "2011.11.06"]
[Round "6"]
[Board "2"]
[White "Reich, Thomas"]
[Black "Fuchs, Georg"]
[Result "1-0"]
[WhiteElo "2388"]
[BlackElo "2289"]
[PlyCount "83"]
[EventDate "2011.10.07"]
[EventType "team"]
[EventRounds "11"]
[EventCountry "AUT"]
[WhiteTeam "Sparkasse Jenbach 2"]
[BlackTeam "Schwaz"]

1. d4 Nf6 2. c4 e6 3. Nc3 c5 4. d5 exd5 5. cxd5 d6 6. Nf3 g6 7. Bg5 Bg7 8. e3
O-O 9. Nd2 h6 10. Bh4 a6 11. a4 Re8 12. Nc4 Qc7 13. Bg3 Bf8 14. Be2 Nbd7 15.
O-O Ne4 16. Nxe4 Rxe4 17. f3 Re8 18. e4 Nb6 19. b3 Nxc4 20. bxc4 Bd7 21. Qd2
Rab8 22. a5 b5 23. axb6 Rxb6 24. Bd3 Ra8 25. f4 Bg7 26. e5 dxe5 27. fxe5 Bxe5
28. Qf2 Be8 29. Bxe5 Qxe5 30. Qxc5 Rb2 31. Rae1 Qg5 32. Rf2 Rxf2 33. Qxf2 a5
34. c5 a4 35. d6 Bc6 36. Bc4 Ra7 37. h4 Qh5 38. Be2 Qf5 39. Qxf5 gxf5 40. Bf3
Bb5 41. c6 Ra8 42. d7 1-0

[Event "2. Bundesliga West 2011/12"]
[Site "Hohenems"]
[Date "2011.11.06"]
[Round "6"]
[Board "3"]
[White "Blaas, Hansjoerg"]
[Black "Micheli, Carlo"]
[Result "1/2-1/2"]
[WhiteElo "2234"]
[BlackElo "2268"]
[PlyCount "105"]
[EventDate "2011.10.07"]
[EventType "team"]
[EventRounds "11"]
[EventCountry "AUT"]
[WhiteTeam "Schwaz"]
[BlackTeam "Sparkasse Jenbach 2"]

1. e4 c5 2. Nf3 e6 3. c3 Nf6 4. e5 Nd5 5. d4 cxd4 6. cxd4 d6 7. Nc3 Nxc3 8.
bxc3 Qc7 9. Bd2 Nd7 10. exd6 Bxd6 11. Bd3 b6 12. O-O Bb7 13. h3 O-O 14. Re1
Rfe8 15. Ng5 Nf6 16. Ne4 Nxe4 17. Bxe4 Bxe4 18. Rxe4 e5 19. Qf3 exd4 20. cxd4
Rac8 21. Rae1 Rxe4 22. Qxe4 h6 23. Qg4 Kh8 24. g3 Rd8 25. Rc1 Qb7 26. Qf5 Kg8
27. Qg4 Kh7 28. Qf5+ Kg8 29. Qg4 Qd7 30. Qxd7 Rxd7 31. Be3 f5 32. f4 Kf7 33.
Kf2 Ke6 34. Ke2 Kd5 35. Kd3 b5 36. Rc8 Rc7 37. Ra8 b4 38. Bd2 Be7 39. Rb8 a6
40. Bxb4 Bxb4 41. Rxb4 Rc1 42. Ra4 Rd1+ 43. Ke2 Rg1 44. Kf3 Rf1+ 45. Ke3 Re1+
46. Kf2 Rc1 47. Rxa6 Rc2+ 48. Ke3 Rc3+ 49. Kf2 Rc2+ 50. Ke3 Rc3+ 51. Kf2 Rc2+
52. Ke3 Rc3+ 53. Kf2 1/2-1/2

[Event "2. Bundesliga West 2011/12"]
[Site "Hohenems"]
[Date "2011.11.06"]
[Round "6"]
[Board "4"]
[White "Hoellrigl, Wilfried"]
[Black "Gruber, Michael"]
[Result "1/2-1/2"]
[WhiteElo "2186"]
[BlackElo "2125"]
[PlyCount "86"]
[EventDate "2011.10.07"]
[EventType "team"]
[EventRounds "11"]
[EventCountry "AUT"]
[WhiteTeam "Sparkasse Jenbach 2"]
[BlackTeam "Schwaz"]

1. e4 e5 2. Nf3 Nc6 3. Bb5 a6 4. Ba4 Nf6 5. O-O Be7 6. Re1 b5 7. Bb3 d6 8. c3
O-O 9. h3 Nb8 10. d4 Nbd7 11. Nbd2 Bb7 12. Bc2 Re8 13. Nf1 Bf8 14. Ng3 g6 15.
b3 Bg7 16. d5 Nb6 17. Bd3 c6 18. c4 Rc8 19. Bb2 Qd7 20. Qd2 bxc4 21. bxc4 cxd5
22. cxd5 Nc4 23. Bxc4 Rxc4 24. Ba3 Rec8 25. Rab1 Ne8 26. Rb6 R8c7 27. Reb1 Rc2
28. Qb4 R2c4 29. Qe1 Rc2 30. Qd1 Bc8 31. Bb2 Qa4 32. Ne1 R2c4 33. Qb3 h5 34. f3
Bh6 35. Ba3 Qd7 36. Bb2 Qa4 37. a3 Qa5 38. Nf1 Qc5+ 39. Kh1 Qf2 40. Nd3 Qh4 41.
Ne1 Qf2 42. Nd3 Qh4 43. Ne1 Qf2 1/2-1/2

[Event "2. Bundesliga West 2011/12"]
[Site "Hohenems"]
[Date "2011.11.06"]
[Round "6"]
[Board "5"]
[White "Kondrak, Christof"]
[Black "Czoeppan, Thomas"]
[Result "1-0"]
[WhiteElo "2176"]
[BlackElo "2049"]
[PlyCount "57"]
[EventDate "2011.10.07"]
[EventType "team"]
[EventRounds "11"]
[EventCountry "AUT"]
[WhiteTeam "Schwaz"]
[BlackTeam "Sparkasse Jenbach 2"]

1. d4 Nf6 2. c4 c6 3. Bf4 d5 4. e3 e6 5. Nc3 a6 6. c5 b6 7. b4 a5 8. a3 Be7 9.
h3 O-O 10. Nf3 Ba6 11. Bxa6 Rxa6 12. O-O b5 13. Ne5 Nfd7 14. Nd3 Re8 15. a4
axb4 16. Nxb4 Ra5 17. Nxc6 Nxc6 18. axb5 Rxa1 19. Qxa1 Na5 20. c6 Nf6 21. c7
Qa8 22. Qa4 Nc4 23. Ra1 Qxa4 24. Rxa4 Nd7 25. Ra7 Ncb6 26. Na4 Nxa4 27. Rxa4 e5
28. Bxe5 Nxe5 29. dxe5 1-0

[Event "2. Bundesliga West 2011/12"]
[Site "Hohenems"]
[Date "2011.11.06"]
[Round "6"]
[Board "6"]
[White "Schnegg, Anna-Lena"]
[Black "Streiter, Gerhard"]
[Result "1/2-1/2"]
[WhiteElo "2017"]
[BlackElo "2021"]
[PlyCount "34"]
[EventDate "2011.10.07"]
[EventType "team"]
[EventRounds "11"]
[EventCountry "AUT"]
[WhiteTeam "Sparkasse Jenbach 2"]
[BlackTeam "Schwaz"]

1. e4 c5 2. Nf3 d6 3. d4 cxd4 4. Nxd4 Nf6 5. Nc3 g6 6. g3 Nc6 7. h3 Bg7 8. Be3
O-O 9. Bg2 Bd7 10. O-O Qc8 11. Kh2 Ne5 12. a4 Nc4 13. Bc1 Qc5 14. Nde2 Qh5 15.
Nd4 Qc5 16. Nde2 Qh5 17. Nd4 Qc5 1/2-1/2

[Event "2. Bundesliga West 2011/12"]
[Site "Hohenems"]
[Date "2011.11.06"]
[Round "6"]
[Board "1"]
[White "Westermeier, Arnulf"]
[Black "Dobosz, Henryk"]
[Result "1/2-1/2"]
[WhiteElo "2260"]
[BlackElo "2396"]
[PlyCount "59"]
[EventDate "2011.10.07"]
[EventType "team"]
[EventRounds "11"]
[EventCountry "AUT"]
[WhiteTeam "ASK Salzburg"]
[BlackTeam "Bregenz"]

1. e4 e5 2. Nc3 Nc6 3. Bc4 Nf6 4. d3 Na5 5. Nge2 c6 6. Bg5 Be7 7. Bxf6 Bxf6 8.
a3 Nxc4 9. dxc4 d6 10. Qd3 Be6 11. O-O O-O 12. b3 Qc7 13. Rad1 Rad8 14. h3 g6
15. f4 exf4 16. Nxf4 Be5 17. Nxe6 fxe6 18. a4 Qb6+ 19. Kh1 Rf2 20. Rxf2 Qxf2
21. Rf1 Qg3 22. Qxg3 Bxg3 23. Rf3 Be5 24. g4 Rf8 25. Rxf8+ Kxf8 26. Ne2 Ke7 27.
Kg2 d5 28. exd5 cxd5 29. cxd5 exd5 30. Kf3 1/2-1/2

[Event "2. Bundesliga West 2011/12"]
[Site "Hohenems"]
[Date "2011.11.06"]
[Round "6"]
[Board "2"]
[White "Poettinger, Harald"]
[Black "Roth, Peter"]
[Result "1-0"]
[WhiteElo "2200"]
[BlackElo "2262"]
[PlyCount "119"]
[EventDate "2011.10.07"]
[EventType "team"]
[EventRounds "11"]
[EventCountry "AUT"]
[WhiteTeam "Bregenz"]
[BlackTeam "ASK Salzburg"]

1. c4 g6 2. g3 Bg7 3. Bg2 Nf6 4. Nc3 O-O 5. d4 d6 6. Nf3 c6 7. O-O Nbd7 8. e4
e5 9. h3 Qb6 10. Re1 Re8 11. d5 cxd5 12. cxd5 Nc5 13. Bf1 Bd7 14. Nd2 Qc7 15.
a4 Rec8 16. Ra3 Ne8 17. Nb5 Qd8 18. Nc4 Nxa4 19. Nbxd6 Nxd6 20. Nxd6 Bf8 21.
Nxc8 Bxa3 22. bxa3 Rxc8 23. Qb3 Nc5 24. Qf3 b5 25. Be3 a6 26. h4 f6 27. g4 Nb7
28. g5 f5 29. exf5 gxf5 30. Bc1 Qa5 31. Qe2 Re8 32. Bb2 Qa4 33. Qh5 Qf4 34. g6
Qg4+ 35. Qxg4 fxg4 36. gxh7+ Kxh7 37. Rxe5 Rxe5 38. Bxe5 Kg6 39. Bd3+ Kh5 40.
Bg3 Na5 41. Kf1 Nc4 42. Bxc4 bxc4 43. Ke2 Kg6 44. Kd2 Kf7 45. Kc3 Bb5 46. Kd4
Kg6 47. Bf4 Kf5 48. Bd2 Kg6 49. Kc3 Kh5 50. Bg5 Kg6 51. Kb4 Kh5 52. a4 Bd7 53.
a5 Bb5 54. Kc3 Kg6 55. Kd4 Kh5 56. Ke5 c3 57. d6 c2 58. Ke6 c1=Q 59. Bxc1 Kxh4
60. Bf4 1-0

[Event "2. Bundesliga West 2011/12"]
[Site "Hohenems"]
[Date "2011.11.06"]
[Round "6"]
[Board "3"]
[White "Besner, Bernhard"]
[Black "Hugentobler, Patrick"]
[Result "1-0"]
[WhiteElo "2175"]
[BlackElo "2262"]
[PlyCount "89"]
[EventDate "2011.10.07"]
[EventType "team"]
[EventRounds "11"]
[EventCountry "AUT"]
[WhiteTeam "ASK Salzburg"]
[BlackTeam "Bregenz"]

1. e4 Nf6 2. e5 Nd5 3. d4 d6 4. c4 Nb6 5. exd6 cxd6 6. Nc3 g6 7. Be3 Bg7 8. Rc1
O-O 9. b3 e5 10. dxe5 dxe5 11. Qxd8 Rxd8 12. c5 N6d7 13. Nf3 Nc6 14. Bc4 h6 15.
O-O Nf8 16. Nb5 Be6 17. Nd6 Bxc4 18. Rxc4 Rd7 19. Rh4 Ne6 20. b4 f5 21. Bxh6 e4
22. Bxg7 Kxg7 23. Re1 Nxb4 24. Ne5 Rc7 25. g4 Nc2 26. Rb1 Ncd4 27. gxf5 gxf5
28. Kh1 Kf6 29. Nec4 Nxc5 30. Rh6+ Kg5 31. Rh3 Nf3 32. Kg2 Ne6 33. Rg3+ Kf6 34.
Rb5 Ned4 35. Ra5 Rh8 36. h3 b6 37. Ra3 Ne2 38. Rgxf3 exf3+ 39. Rxf3 Rh5 40.
Ne8+ Ke7 41. Nxc7 Kd7 42. Nd5 Kc6 43. Nce3 Nd4 44. Rf4 Ne6 45. Rxf5 1-0

[Event "2. Bundesliga West 2011/12"]
[Site "Hohenems"]
[Date "2011.11.06"]
[Round "6"]
[Board "4"]
[White "Heilinger, Dietmar"]
[Black "Loeffler, Christoph"]
[Result "1/2-1/2"]
[WhiteElo "2161"]
[BlackElo "2161"]
[PlyCount "59"]
[EventDate "2011.10.07"]
[EventType "team"]
[EventRounds "11"]
[EventCountry "AUT"]
[WhiteTeam "Bregenz"]
[BlackTeam "ASK Salzburg"]

1. d4 d5 2. c4 e6 3. cxd5 exd5 4. Nc3 Nf6 5. Bg5 Be7 6. e3 c6 7. Qc2 Nbd7 8.
Nf3 Nf8 9. Bd3 Bg4 10. Ne5 Bh5 11. Rb1 Ne6 12. Bh4 Bg6 13. Bf5 Bxf5 14. Qxf5
O-O 15. O-O g6 16. Qf3 Nh5 17. Bxe7 Qxe7 18. b4 f6 19. Nd3 Ng5 20. Qd1 Ne4 21.
Nxe4 dxe4 22. Qb3+ Kh8 23. Nc5 Rae8 24. b5 b6 25. Na6 cxb5 26. Qxb5 Rc8 27. Nb4
Qe6 28. Rbc1 f5 29. Rc6 Rxc6 30. Qxc6 1/2-1/2

[Event "2. Bundesliga West 2011/12"]
[Site "Hohenems"]
[Date "2011.11.06"]
[Round "6"]
[Board "5"]
[White "Herrmann, Michael"]
[Black "Karrer, Damian"]
[Result "1-0"]
[WhiteElo "2118"]
[BlackElo "2181"]
[PlyCount "119"]
[EventDate "2011.10.07"]
[EventType "team"]
[EventRounds "11"]
[EventCountry "AUT"]
[WhiteTeam "ASK Salzburg"]
[BlackTeam "Bregenz"]

1. c4 e5 2. g3 Nf6 3. Bg2 c6 4. Nf3 e4 5. Nd4 d5 6. cxd5 cxd5 7. Nc3 Nc6 8.
Nxc6 bxc6 9. d3 exd3 10. Qxd3 Be7 11. O-O O-O 12. Rd1 Rb8 13. e4 dxe4 14. Qc2
Qa5 15. Nxe4 Bg4 16. Rf1 Rfe8 17. Bd2 Qb6 18. b3 Nd5 19. Rac1 Ba3 20. Ng5 Nf6
21. Ra1 Re2 22. Rae1 Bc5 23. Rxe2 Bxe2 24. Bc3 Qb5 25. Bxf6 Bd3 26. Qb2 Ba3 27.
Qxa3 gxf6 28. Nh3 Bxf1 29. Bxf1 Qf5 30. Qd6 Re8 31. Nf4 Re1 32. Qxc6 Qb1 33.
Qc4 Qxa2 34. Nh5 h6 35. Nxf6+ Kg7 36. Nh5+ Kg8 37. Qc3 Qa1 38. Qc8+ Kh7 39.
Qf5+ Kg8 40. Qg4+ Kh7 41. Qc4 Kg8 42. Kg2 Qd1 43. Nf6+ Kg7 44. Ne4 Kg8 45. h3
a5 46. Nf6+ Kg7 47. Ng4 Qa1 48. Qf4 Qc1 49. Qf6+ Kf8 50. Nxh6 Qc7 51. Qh8+ Ke7
52. Nf5+ Ke6 53. Nd4+ Ke7 54. Qh4+ Kf8 55. Qh6+ Ke7 56. Nc6+ Ke8 57. Bb5 Qb7
58. Qh8+ Kd7 59. Qd8+ Ke6 60. Qe8+ 1-0

[Event "2. Bundesliga West 2011/12"]
[Site "Hohenems"]
[Date "2011.11.06"]
[Round "6"]
[Board "6"]
[White "Matt, Fabian"]
[Black "Vlasak, Reinhard"]
[Result "1-0"]
[WhiteElo "2169"]
[BlackElo "2095"]
[PlyCount "51"]
[EventDate "2011.10.07"]
[EventType "team"]
[EventRounds "11"]
[EventCountry "AUT"]
[WhiteTeam "Bregenz"]
[BlackTeam "ASK Salzburg"]

1. e4 c5 2. Nf3 d6 3. d4 Nf6 4. Nc3 cxd4 5. Nxd4 a6 6. Bg5 e6 7. f4 Be7 8. Qf3
Qc7 9. O-O-O Nbd7 10. g4 b5 11. Bxf6 Nxf6 12. g5 Nd7 13. f5 Nc5 14. Rg1 Bd7 15.
a3 Rb8 16. fxe6 Nxe6 17. Nf5 Qc5 18. Bh3 b4 19. axb4 Qxb4 20. Nxe7 Qxb2+ 21.
Kd2 Kxe7 22. Rb1 Nd4 23. Qd3 Nxc2 24. Rxb2 Rxb2 25. Nd5+ Kd8 26. Qc3 1-0

[Event "2. Bundesliga West 2011/12"]
[Site "Hohenems"]
[Date "2011.11.06"]
[Round "6"]
[Board "1"]
[White "Maurer, Jochen"]
[Black "Eisenbeiser, Amadeus"]
[Result "1/2-1/2"]
[WhiteElo "2272"]
[BlackElo "2409"]
[PlyCount "125"]
[EventDate "2011.10.07"]
[EventType "team"]
[EventRounds "11"]
[EventCountry "AUT"]
[WhiteTeam "Kufstein / Woergl 2"]
[BlackTeam "Goetzis"]

1. d4 f5 2. c4 Nf6 3. Nc3 g6 4. g3 Bg7 5. Bg2 O-O 6. Nh3 Nc6 7. O-O e6 8. Rb1
Qe7 9. d5 Ne5 10. b3 Nf7 11. Nb5 Ne8 12. Ba3 Nfd6 13. e4 fxe4 14. Bxe4 e5 15.
Qc2 a6 16. Nxd6 Nxd6 17. Rbe1 b6 18. f4 Bb7 19. f5 gxf5 20. Bxd6 Qxd6 21. Bxf5
h6 22. Be4 c6 23. dxc6 Qc5+ 24. Kg2 dxc6 25. Rf2 Rad8 26. Ref1 Bc8 27. Rxf8+
Rxf8 28. Rxf8+ Qxf8 29. Nf2 Qf6 30. Qd3 Bf8 31. Qf3 Qxf3+ 32. Kxf3 Bd7 33. Nd3
Bd6 34. g4 Kg7 35. Bf5 Be8 36. h3 a5 37. a4 b5 38. c5 Bc7 39. Be4 Kf6 40. Kg3
b4 41. Nc1 Bd8 42. Kf3 Be7 43. Nd3 Bf7 44. Bxc6 Bxb3 45. Bd7 Bc2 46. Ke3 e4 47.
Kxe4 Bxc5 48. Bf5 Bg1 49. Kd5 Bxa4 50. Kc4 Bc2 51. Nxb4 Bxf5 52. Nd5+ Ke5 53.
gxf5 Kxf5 54. Kb5 Ke5 55. Ne7 Kf4 56. Kxa5 h5 57. Kb5 Bf2 58. Kc4 Bh4 59. Ng6+
Kg3 60. Kd3 Bg5 61. h4 Bxh4 62. Nxh4 Kxh4 63. Ke2 1/2-1/2

[Event "2. Bundesliga West 2011/12"]
[Site "Hohenems"]
[Date "2011.11.06"]
[Round "6"]
[Board "2"]
[White "Schloetzer, Waldemar"]
[Black "Neuschmied, Siegfried"]
[Result "1-0"]
[WhiteElo "2308"]
[BlackElo "2308"]
[PlyCount "53"]
[EventDate "2011.10.07"]
[EventType "team"]
[EventRounds "11"]
[EventCountry "AUT"]
[WhiteTeam "Goetzis"]
[BlackTeam "Kufstein / Woergl 2"]

1. d4 Nf6 2. c4 c5 3. dxc5 Qa5+ 4. Nd2 Qxc5 5. g3 Nc6 6. Ngf3 d5 7. Bg2 dxc4 8.
O-O Bd7 9. b3 c3 10. Nc4 Rc8 11. a4 g6 12. e4 Bg4 13. e5 Nd5 14. Ba3 Ndb4 15.
h3 Be6 16. Rc1 Rd8 17. Qe1 c2 18. Ng5 a5 19. Nxe6 fxe6 20. Bxc6+ bxc6 21. Nxa5
Qxa5 22. Bxb4 Qd5 23. Qc3 Bg7 24. Rfe1 O-O 25. Bxe7 Rf3 26. Qxc2 Rd7 27. Red1
1-0

[Event "2. Bundesliga West 2011/12"]
[Site "Hohenems"]
[Date "2011.11.06"]
[Round "6"]
[Board "3"]
[White "Astl, Peter"]
[Black "Kessler, Luca"]
[Result "1-0"]
[WhiteElo "2250"]
[BlackElo "2247"]
[PlyCount "63"]
[EventDate "2011.10.07"]
[EventType "team"]
[EventRounds "11"]
[EventCountry "AUT"]
[WhiteTeam "Kufstein / Woergl 2"]
[BlackTeam "Goetzis"]

1. d4 Nf6 2. Nf3 c5 3. c3 e6 4. Bf4 Nc6 5. e3 b6 6. Bd3 Bb7 7. h3 d5 8. Nbd2
Bd6 9. O-O Bxf4 10. exf4 cxd4 11. cxd4 O-O 12. a3 Qd6 13. g3 Rac8 14. Qe2 Rfd8
15. Rad1 Qb8 16. Rfe1 Rd6 17. g4 Rcd8 18. Qe3 Qa8 19. Ne5 Ne4 20. f3 Nxd2 21.
Rxd2 f6 22. Nxc6 Bxc6 23. Rde2 Re8 24. Qd2 g6 25. Qc2 f5 26. Qd2 Qd8 27. Kh2
Kf7 28. Qe3 Qf6 29. Rc1 Re7 30. Qe5 Red7 31. Rec2 Bb7 32. g5 1-0